Normal view
MARC view
- García Rivera, Claudia Carolina
Entry Nombre Personal
001 - NUMERO DE CONTROL
- campo de control: 53760
003 - IDENTIFICADOR DE NUMERO DE CONTROL
- campo de control: MX-MxUPN
005 - FECHA Y HORA DE LA ÜLTIMA TRANSACCIÓN
- campo de control: 20240927112910.0
008 - DATOS DE LONGITUD FIJA
- campo de control de longitud fija: 240927|| aca||aabn | aaa d
040 ## - FUENTE DE CATALOGACIÓN
- Agencia original de catalogación: MX-MxUPN
- Lenguaje de catalogación: spa
- Agencia de transcripción: MX-MxUPN
100 1# - ENCABEZAMIENTO - NOMBRE PERSONAL
- Nombre personal: García Rivera, Claudia Carolina
670 ## - FUENTE EN LA QUE SE LOCALIZARON DATOS
- Cita de la fuente: Ciencias I : (énfasis en biología) : guía de trabajo, 2006:
- Información localizada: página legal (Claudia Carolina García Rivera)
902 ## - CATALOGADOR
- Catalogador: Víctor Ruiz/270924
